Cesta do Ilavy

Bibliographic Details
Main Author: Pešeková, Mária (Author)
Format: Article
Language:Slovak
ISBN:8085581353
Subjects:

MARC

LEADER 00000nab a2200000 ar4500
001 vtls010611381
003 SK-MaSNL
005 20260304181108.0
008 140724c2006 xo ar|||||| |000 a|slo
015 |a SNBRA2014/07 
038 |a SVKPOCL 
040 |a SVKPOCL  |b slo  |c SVKPOCL  |e AACR2 
041 0 |a slo 
044 |a xo  |c SK 
080 |a 821.162.4  |2 2001 
080 |a 80(=16)+908(4)  |2 2001 
080 |a 821.162.4-32  |2 2001 
100 1 |a Pešeková, Mária  |4 aut  |9 700684 
245 1 0 |a Cesta do Ilavy  |c Mária Pešeková 
650 0 7 |a slovenská literatúra  |2 svkpocl  |9 1115 
650 0 7 |a slavistika  |2 svkpocl  |9 4282 
650 0 7 |a slovenská próza  |2 svkpocl  |9 1206 
655 7 |a slovenské poviedky  |2 svkpocl  |9 70226 
773 0 |t Gréckokatolícky kalendár 2007  |d Košice : BYZANT ; Michalovce : Spolok sv. Cyrila a Metoda, 2006  |g S. 83-91  |z 8085581353 
852 |a SVKPO  |b KIS3GCP 
958 |a LX 
958 |a SK 
958 |a SS 
999 |c 3021849  |d 3023779